Statistics for Strange Names for Animal Groups

Click here to take the quiz!

General Stats

  • This quiz has been taken 152 times
  • The average score is 5 of 29

Answer Stats

AnimalAnswer% Correct
CrowsMurder
85%
WhalesPod
61%
OwlsParliament
58%
RhinosCrash
27%
HyenasCackle
25%
BatsCauldron
20%
PorcupinesPrickle
20%
GiraffesTower
18%
AlligatorsCongregation
15%
LeopardsLeap
15%
HippopotamusesBloat
13%
CheetahsCoalition
13%
BearsSleuth
13%
CatsClowder
12%
FerretsBusiness
10%
ApesShrewdness
9%
LemursConspiracy
8%
ToadsKnot
7%
SquidAudience
6%
SquirrelsDray
4%
RatsMischief
4%
RacoonsNursery
4%
DonkeysPace
4%
JaguarsShadow
4%
KangaroosCourt
3%
SalamandersMaelstrom
3%
LobstersRisk
3%
TurkeysCream
2%
SnailsHood
2%

Score Distribution

Percentile by Number Answered

Percent of People with Each Score

Your Score History

You have not taken this quiz